| 000 | 00397nam a2200169Ia 4500 | ||
|---|---|---|---|
| 008 | 230524s9999 xx 000 0 und d | ||
| 020 | _a8131703053 | ||
| 082 |
_a5.133 _bKEC |
||
| 100 | _aVojislav Kecman | ||
| 245 | 0 | _aLearning & Soft Computing | |
| 250 | _a1ST | ||
| 260 |
_aNEW DELHI _bPearson _c2006 |
||
| 300 | _a539 | ||
| 500 | _aQuantity Number: 40 | ||
| 650 | _aComp-Sc | ||
| 942 | _cBK | ||
| 999 |
_c38039 _d38039 |
||